15 plus grands ports d'Asie - Statistiques

Statistiques générales
  • Ce quiz a été pris 38 fois
  • Le résultat moyen est 6 sur 15
Statistiques - réponses
Hint Réponse % Correct
1 Chine Shanghai
93%
2 Singapour Singapour
90%
6 Chine Canton / Guangzhou
79%
9 Emirats Arabes Unis Jebel Ali / Dubaï
72%
11 Chine Hong Kong
66%
4 Chine Shenzhen
48%
7 Corée du Sud Busan
41%
8 Chine Tianjin
38%
13 Chine Xiamen
21%
14 Thaïlande Laem Chabang
14%
5 Chine Qingdao
14%
15 Taïwan Kaohsiung
10%
3 Chine Ningbo / Zhoushan
10%
12 Malaisie Gelang Patah
0%
10 Malaisie Klang
0%
Aucun quiz correspondant
Distribution des résultats
% des personnes avec chaque résultat
Percentile par nombre de réponses
Votre historique - résultats
Vous n’avez pas pris ce quiz